[Event "WJCC U20 Open 2019"]
[Site "New Delhi"]
[Date "2019.10.22"]
[Round "8.26"]
[White "Percivaldi, Martin"]
[Black "Neelash Saha"]
[Result "1-0"]
[WhiteElo "2391"]
[BlackElo "2334"]
[Annotator "TA"]
[PlyCount "81"]
[EventDate "2019.10.15"]
[EventType "swiss"]
[EventCountry "IND"]
[SourceTitle "playchess.com"]
[Source "ChessBase"]
[SourceQuality "1"]

{[%evp 16,81,16,6,25,17,36,29,42,34,52,50,74,80,91,6,0,-43,0,14,153,152,155,150,150,144,155,143,154,148,153,148,121,131,190,187,174,189,299,286,324,336,555,412,417,399,569,546,604,603,559,571,1298,1131,2691,381,29977,29978,29992,29993,29994,29995,29995,29996,29996,29997,29998,29999]} 1. d4 Nf6 2. c4 e6 3. Nc3 d5 4. cxd5 exd5 5. Bg5 Nbd7 6. e3 c6 7. Bd3 Be7 8. Nf3 Ne4 9. Bf4 Ndf6 {D35: Queen's Gambit Declined: Exchange Variation} 10. Qc2 (10. h3 Bf5 11. Qc2 Nxc3 12. Bxf5 Nce4 13. O-O g6 14. Bxe4 Nxe4 15. Bh6 f6 16. b4 Qd7 17. Rab1 {0-1 (31) Gupta,A (2588)-Dreev,A (2649) chess.com INT 2018}) 10... Nd6 11. h3 O-O $146 {White has an edge.} ({Predecessor:} 11... g6 12. a3 Bf5 13. O-O O-O 14. b4 Nfe4 15. Nd2 Nxd2 16. Qxd2 {1-0 (33) Butyrowski,M (1873)-Fudalej,M (2235) Jastrzebia Gora 2019}) 12. g4 g6 13. O-O-O Re8 14. Ne5 Nfe4 15. f3 ({But not} 15. Nxe4 $6 dxe4 16. Bxe4 Nxe4 $11) (15. Bxe4 $6 Nxe4 16. Nxe4 dxe4 $11) (15. h4 $1 $16) 15... Nxc3 $11 16. bxc3 Be6 (16... Nb5 $15) 17. h4 $1 {[%cal Rh4h5]} Nc4 (17... Nb5 $1 $11 {remains equal.}) 18. Bxc4 $1 $16 dxc4 19. g5 $1 Bf8 20. h5 {[%cal Rh5g6]} Bg7 21. hxg6 hxg6 22. Qh2 Qa5 23. Kb2 $1 {Strongly threatening Nd7!} Rad8 {[#]} 24. e4 $1 c5 (24... a6 $16 25. Bg3 Kf8) 25. d5 Bc8 {aiming for ...Rd6.} 26. Rc1 $40 {[%mdl 128] Black is in trouble.} Re7 (26... Rd6 $142) 27. Ka1 $18 ({Not} 27. Nxc4 Qb5+ 28. Ka1 Qxc4 $17) 27... Qa6 28. Bg3 ({Less strong is} 28. d6 Ree8 $16) 28... Rde8 $2 (28... Kf8 29. f4 Qa4) 29. f4 Kf8 30. Rc2 b5 (30... Qa4 $142 31. Kb1 Rd8) 31. Qh7 b4 32. Rch2 Rxe5 33. fxe5 {And now d6 would win.} Bg4 {If Black can now play ...Bf3 this consolidates a bit.} 34. Rf1 Re7 35. Rhf2 $2 (35. e6 {White threatens Qh8+! and mate.} Rxe6 {[#]} 36. Rhf2 $1 {[%mdl 512]}) 35... bxc3 $2 (35... b3 $18 36. Bh2 Rd7) 36. d6 {White mates.} Rb7 37. Qxg6 f5 38. Rxf5+ Bxf5 39. Rxf5+ Kg8 40. Qe8+ Kh7 41. g6+ {Accuracy: White = 83%, Black = 29%.} 1-0

[Event "WJCC U20 Open 2019"]
[Site "New Delhi"]
[Date "2019.10.22"]
[Round "8.27"]
[White "Winkelman, Albert"]
[Black "Dobrovoljc, Vid"]
[Result "1-0"]
[WhiteElo "2143"]
[BlackElo "2389"]
[Annotator "TA"]
[PlyCount "111"]
[EventDate "2019.10.15"]
[EventType "swiss"]
[EventCountry "IND"]
[SourceTitle "playchess.com"]
[Source "ChessBase"]
[SourceQuality "1"]

{[%evp 12,137,10,6,13,3,7,12,23,19,4,0,27,-7,3,-12,-14,-21,-2,0,0,0,0,0,0,-5,29,26,26,33,17,29,176,177,187,190,186,137,135,135,133,133,136,141,143,136,122,122,117,117,112,124,178,177,191,185,179,181,185,184,221,221,221,221,221,221,221,217,208,209,328,330,329,317,324,293,344,343,474,466,436,440,726,700,751,747,720,720,535,56,680,680,645,606,602,558,1558,1230,885,718,29978,29979,29979,29980,29980,29981,29981,29982,29982,29983,29983,29983,29983,29984,29984,29985,29985,29986,29986,29987,29987,29988,29988,29989,29989,29990,29991,29992]} 1. e4 e5 2. Nf3 Nc6 3. Bb5 Nf6 4. d3 Bc5 5. c3 O-O 6. O-O d6 7. Nbd2 ({Predecessor:} 7. h3 a6 8. Ba4 Ba7 9. Re1 Ne7 10. Nbd2 Ng6 11. Nf1 c6 {0-1 (57) Neagu,L (2557)-Stalmach,K (2565) ICCF email 2013}) 7... a6 {C65: Ruy Lopez: Berlin Defence (3...Nf6), unusual lines and 4 0-0 Bc5} 8. Ba4 Ba7 9. h3 Ne7 {The position is equal.} 10. d4 Ng6 11. Re1 $146 (11. Bc2 Re8 12. Re1 Bd7 13. Nf1 c5 14. dxc5 dxc5 15. Bg5 Be6 16. Ne3 c4 17. Qe2 Bxe3 18. Bxe3 h6 19. Nd2 b5 20. a4 {1-0 (54) Dominguez Perez,L (2763)-Wang,H (2726) Khanty-Mansiysk 2019}) 11... c6 12. Nf1 exd4 13. cxd4 d5 14. e5 Ne4 15. Bc2 f6 16. Ng3 Nxg3 17. fxg3 fxe5 18. Nxe5 Qf6 {Hoping for ...Nxe5.} 19. Bxg6 hxg6 20. Be3 Bf5 21. Qd2 Be4 (21... Qd8 $11 {and Black is okay.}) 22. Nd7 $1 $18 {[%csl LRf6,LRf8]} Qd6 23. Nxf8 Rxf8 24. Rf1 Rxf1+ 25. Rxf1 Qxg3 {and if ...Bxg2 works, Black does fine.} 26. Qf2 Bb8 {[%csl Gb8][%cal Rg3h2]} 27. Qxg3 Bxg3 $16 {[%mdl 4096] Endgame KRB-KB} 28. Bf4 Bh4 29. Rc1 Bf6 30. Be3 a5 31. Rc3 a4 (31... Be7 $16 {was called for.}) 32. b3 $18 Bb1 33. a3 ({Don't play} 33. bxa4 $6 Bxa2 34. Rc2 Bc4 $16) 33... Ba2 34. bxa4 Bc4 35. Rc1 Be7 36. Rb1 Ba6 37. Rb3 Kf7 38. Kf2 Ke6 39. Kf3 Kd7 40. Bf4 c5 (40... Bf6 {keeps fighting.} 41. Ke3 Ke6) 41. dxc5 Bxc5 42. Be5 b6 43. Bxg7 Ke6 44. g4 d4 45. Ke4 Bb7+ {[#]} 46. Kd3 $1 Kd5 (46... Ba6+ $142 47. Kd2 Kf7) 47. Rb5 Bc6 48. h4 Be8 49. Bh8 Bd7 50. Bf6 $2 (50. h5 $18 gxh5 51. gxh5) 50... Be8 $2 {[%mdl 8192]} (50... Bxg4 $14 51. a5 Bc8) 51. Bg7 Bd7 52. h5 gxh5 53. gxh5 Bf5+ 54. Kd2 Ke4 55. a5 {And now a6 would win.} Bd6 {[#]} 56. a6 {Played: Rb5xf5} 1-0

[Event "WJCC U20 Open 2019"]
[Site "New Delhi"]
[Date "2019.10.22"]
[Round "8.28"]
[White "Saurabh Anand"]
[Black "Parkhov, Yair"]
[Result "1/2-1/2"]
[WhiteElo "2236"]
[BlackElo "2350"]
[Annotator "RC"]
[PlyCount "63"]
[EventDate "2019.10.15"]
[EventType "swiss"]
[EventCountry "IND"]
[SourceTitle "playchess.com"]
[Source "ChessBase"]
[SourceQuality "1"]
[TimeControl "40/5400+30:1800+30"]

1. e4 {[%emt 0:00:00]} c5 {[%emt 0:00:00]} 2. Nf3 {[%emt 0:00:01]} d6 {[%emt 0:00:00]} 3. d4 {[%emt 0:00:29]} cxd4 {[%emt 0:00:00]} 4. Nxd4 {[%emt 0:00:12]} Nf6 {[%emt 0:00:04]} 5. Nc3 {[%emt 0:00:11]} a6 {[%emt 0:00:05]} 6. Be2 {[%emt 0:00:39]} e5 {[%emt 0:02:10]} 7. Nf3 {[%emt 0:00:23]} Be7 {[%emt 0:00:08]} 8. Bg5 {[%emt 0:00:14]} Nbd7 {[%emt 0:00:07]} 9. a4 {[%emt 0:01:30]} Qb6 {[%emt 0:00:17]} 10. a5 {[%emt 0:03:30]} Qc6 {[%emt 0:00:37]} 11. Nd2 {[%emt 0:00:44]} h6 {[%emt 0:00:15]} 12. Be3 {[%emt 0:03:06]} Nc5 {[%emt 0:06:12]} 13. Bxc5 {[%emt 0:14:22]} Qxc5 {[%emt 0:00:08]} 14. Nc4 {[%emt 0:00:13]} Be6 {[%emt 0:01:48]} 15. Nb6 {[%emt 0:00:40]} Rb8 {[%emt 0:07:12]} 16. O-O {[%emt 0:10:57]} Bd8 {[%emt 0:03:21]} 17. Nbd5 {[%emt 0:03:26]} O-O {[%emt 0:18:46]} 18. Nxf6+ {[%emt 0:13:00]} Bxf6 {[%emt 0:00:47]} 19. Bg4 {[%emt 0:03:26]} Bd8 {[%emt 0:03:03]} 20. Bxe6 {[%emt 0:05:47]} fxe6 {[%emt 0:00:06]} 21. Na4 {[%emt 0:00:10]} Qc6 {[%emt 0:01:14]} 22. b4 {[%emt 0:01:55]} Be7 {[%emt 0:06:56]} 23. Qe2 {[%emt 0:03:51]} Rf4 {[%emt 0:11:29]} 24. Rfe1 {[%emt 0:01:41]} Rbf8 {[%emt 0:00:49]} 25. f3 {[%emt 0:00:56]} Qe8 {[%emt 0:07:34]} 26. Nb2 {[%emt 0:02:44]} Qg6 {[%emt 0:01:31]} 27. Rf1 {[%emt 0:01:12]} R4f7 {[%emt 0:03:29]} 28. Rad1 {[%emt 0:06:13]} Rc8 {[%emt 0:12:38]} 29. c4 {[%emt 0:01:29]} Bf8 {[%emt 0:01:26]} 30. Na4 {[%emt 0:01:08]} h5 {[%emt 0:00:35]} 31. Rb1 {[%emt 0:06:54]} h4 {[%emt 0:01:11]} 32. Nb6 {[%emt 0:04:35]} 1/2-1/2

[Event "WJCC U20 Open 2019"]
[Site "New Delhi"]
[Date "2019.10.22"]
[Round "8.29"]
[White "Amartuvshin, Ganzorig"]
[Black "Milikow, Yoav"]
[Result "0-1"]
[WhiteElo "2391"]
[BlackElo "2199"]
[Annotator "TA"]
[PlyCount "76"]
[EventDate "2019.10.15"]
[EventType "swiss"]
[EventCountry "IND"]
[SourceTitle "playchess.com"]
[Source "ChessBase"]
[SourceQuality "1"]

{[%evp 16,80,11,0,0,0,0,0,18,17,19,8,10,8,25,25,25,21,20,19,23,26,25,20,22,27,14,0,19,6,8,0,5,0,0,0,0,0,0,0,5,0,-13,-63,-40,-141,-126,-141,-119,-375,-374,-483,-410,-661,-506,-1364,-1262,-1210,-1165,-5131,-3031,-29985,-5614,-29990,-29991,-29991,-29992]} 1. d4 Nf6 2. c4 g6 3. Nc3 d5 4. cxd5 Nxd5 5. e4 Nxc3 6. bxc3 Bg7 7. Nf3 c5 8. h3 O-O 9. Be2 cxd4 $146 {D85: Exchange Grünfeld: Unusual White 7th moves and lines with 7 Nf3} ({Predecessor:} 9... Nc6 10. Be3 cxd4 {½-½ (57) Edouard,R (2658)-Huzman,A (2582) Skopje 2019}) 10. cxd4 Nc6 {[%cal Rc6d4]} 11. Be3 f5 {The position is equal.} 12. Bc4+ Kh8 13. O-O fxe4 14. Ng5 Nxd4 15. Nf7+ {[#]} Rxf7 $1 16. Bxf7 Qd6 17. Qd2 Bd7 18. Rad1 {[%cal Re3d4]} e5 19. Rfe1 Bc6 20. Bb3 Qa3 21. Qc3 Rd8 22. Rd2 Bf6 23. Rc1 a5 {[%cal Ba7a5,Ba5a4][%mdl 32]} 24. Qa1 a4 $36 {[%mdl 2048] Black is more active.} 25. Bc4 Kg7 26. Rc3 Qd6 27. a3 Rd7 28. Qc1 Bd8 29. Bh6+ Kh8 {...g5 is the strong threat.} 30. Ra2 (30. Rg3 $1 $15) 30... g5 $17 31. Bxg5 Nf3+ $1 32. gxf3 $2 {[%mdl 8192] [#]} (32. Rxf3 $17 {was the only defense.} exf3 33. Bxd8 Rxd8 34. Qe3) 32... Bxg5 $1 $19 33. Qf1 Bd2 34. Rcc2 (34. Rxd2 $142 Qxd2 35. Re3) 34... Bf4 35. Ra1 (35. fxe4 $142 Bxe4 36. f3 Bxc2 37. Rxc2 Qd4+ 38. Kh1) 35... exf3 36. Kh1 Qh6 37. Rc3 e4 38. Ba2 Rd2 {Played: Bf4-e5} 0-1

[Event "WJCC U20 Open 2019"]
[Site "New Delhi"]
[Date "2019.10.22"]
[Round "8.30"]
[White "Raahul V S"]
[Black "Vykouk, Jan"]
[Result "1-0"]
[WhiteElo "2262"]
[BlackElo "2468"]
[Annotator "TA"]
[PlyCount "69"]
[EventDate "2019.10.15"]
[EventType "swiss"]
[EventCountry "IND"]
[SourceTitle "playchess.com"]
[Source "ChessBase"]
[SourceQuality "1"]

{[%evp 13,79,27,36,-8,8,27,26,13,33,14,44,29,52,0,30,49,52,39,42,31,40,38,31,27,337,352,338,344,364,347,355,324,462,456,964,956,929,883,1064,1030,1154,1133,1217,1156,1270,1245,1131,1042,1628,951,1281,1280,1238,1228,1102,1077,2339,1910,12831,4452,29983,29984,29984,29985,29984,29986,29986,29987]} 1. c4 Nf6 2. Nc3 g6 3. e4 d6 4. d4 Bg7 5. f3 O-O 6. Be3 a6 7. Bd3 c6 8. c5 {E81: King's Indian: Sämisch: 6th move deviations (including 6 Be3 c6)} Nbd7 9. cxd6 exd6 10. Nge2 {White has an edge.} c5 (10... Re8 11. O-O b5 12. Qd2 Bb7 13. Bh6 Bh8 14. Rae1 c5 15. d5 Ne5 {0-1 (41) Lenic,L (2656)-Shimanov,A (2626) chess.com INT 2018}) 11. O-O b5 12. e5 Qe7 13. Ne4 $146 {[%mdl 2048] White is pushing.} (13. Be4 $14 Nxe4 14. Nxe4 dxe5 15. dxc5) ({Predecessor:} 13. Be4 Nxe4 14. Nxe4 dxe5 15. dxc5 Bb7 {0-1 (67) Bronstein,D-Podgaets,M Odessa 1973}) 13... dxe5 (13... Nd5 $5 {[%cal Rd5e3]} 14. Bg5 (14. exd6 Qe6 $15) 14... Qe6 $11) 14. dxc5 Bb7 15. Qc1 Bc6 16. N2c3 Ne8 17. b4 f5 18. Bg5 Qe6 $2 {[%mdl 8192] [#]} (18... Ndf6 $11 {and Black has nothing to worry.}) 19. Bc2 $1 $18 {[%cal Rc2b3]} fxe4 20. Bb3 {[%mdl 64] Zwischenzug} Qxb3 21. axb3 exf3 22. gxf3 Nc7 (22... Rf5 {might work better.} 23. h4 Nf8) 23. Qd2 Rf5 (23... Nb8 $142 24. Be7 Re8) 24. Qd6 Rxg5+ 25. Kh1 e4 26. Qxc7 Ne5 27. fxe4 h6 28. Rad1 Rh5 29. Nd5 Kh8 30. Rd2 Rh4 31. Nc3 Rh3 32. Rd8+ Rxd8 33. Qxd8+ Kh7 34. Nd5 g5 {[#]} 35. Nf6+ {Played: Qd8-e7} 1-0

[Event "WJCC U20 Open 2019"]
[Site "New Delhi"]
[Date "2019.10.22"]
[Round "8.31"]
[White "Muradli, Mahammad"]
[Black "Kukelko, Alexey"]
[Result "1-0"]
[WhiteElo "2459"]
[BlackElo "2342"]
[Annotator "TA"]
[PlyCount "59"]
[EventDate "2019.10.15"]
[EventType "swiss"]
[EventCountry "IND"]
[SourceTitle "playchess.com"]
[Source "ChessBase"]
[SourceQuality "1"]

{[%evp 17,59,0,0,0,0,0,0,5,8,0,0,0,0,0,29,35,28,30,28,17,21,-33,0,0,0,0,0,0,0,0,0,0,0,0,0,0,552,548,658,661,624,639,633,617]} 1. Nf3 d5 2. c4 e6 3. e3 Nf6 4. b3 b6 5. Bb2 Bb7 6. Nc3 Nbd7 7. d4 Bd6 8. Bd3 O-O 9. O-O a6 10. a4 {E14: Queen's Indian: Classical Variation (4 e3)} (10. Re1 Re8 11. e4 dxe4 12. Nxe4 Nxe4 13. Bxe4 Bxe4 14. Rxe4 Nf6 15. Re3 c5 16. Rd3 Qe7 17. Qe2 cxd4 18. Nxd4 {½-½ (65) Cori,J (2686)-Leko,P (2674) Biel 2019}) 10... c5 11. cxd5 exd5 12. Rc1 {The position is equal.} Re8 13. Re1 $146 ({Predecessor:} 13. Ne2 Rc8 14. Nf4 Qe7 15. g3 Ne4 16. Re1 g6 17. h4 cxd4 18. Rxc8 Rxc8 19. Bxd4 {½-½ (33) Ovcharenko,L (2272)-Geissler,W (2342) ICCF email 2016}) 13... Qe7 14. Bf5 Rad8 15. g3 cxd4 16. Nxd4 Ne5 17. Bh3 g6 18. Bg2 Ne4 19. Qc2 (19. f4 $11 Nd7 20. Nc2) 19... Bb4 {And now ...Rc8 would win.} (19... Rc8 $5 {[%cal Rd6b4]}) 20. Red1 Rc8 21. Nxd5 $1 Bxd5 22. Qxc8 Rxc8 23. Rxc8+ Kg7 24. f4 {Threatens to win with Nf5+!} Kh6 {White must now prevent ...Ng4.} 25. fxe5 Qxe5 26. Rf1 {Nf5+! is the strong threat.} Qe7 $2 {[%mdl 8192] [#]} (26... Nc3 $1 $11 27. Kh1 Bxg2+ 28. Kxg2 Qe4+ 29. Kh3 Nd5) 27. Rf4 $1 $18 {White is clearly winning.} f6 {intending ...Bd6.} 28. Rh4+ Kg7 29. Bxe4 Bxe4 {[#]} 30. Rc7 $1 {[%mdl 512] Accuracy: White = 80%, Black = 64%.} 1-0

[Event "WJCC U20 Open 2019"]
[Site "New Delhi"]
[Date "2019.10.22"]
[Round "8.32"]
[White "Wagh Suyog"]
[Black "Tica, Sven"]
[Result "1/2-1/2"]
[WhiteElo "2229"]
[BlackElo "2418"]
[Annotator "TA"]
[PlyCount "76"]
[EventDate "2019.10.15"]
[EventType "swiss"]
[EventCountry "IND"]
[SourceTitle "playchess.com"]
[Source "ChessBase"]
[SourceQuality "1"]

{[%evp 16,76,24,18,21,20,23,19,21,16,20,18,18,16,8,17,22,18,20,0,21,28,34,0,6,8,49,57,67,58,101,92,74,6,6,6,4,4,11,4,32,17,98,81,89,20,24,0,0,0,0,0,0,0,0,0,0,0,0,0,0,0,0]} 1. c4 e6 2. Nc3 d5 3. d4 Be7 4. cxd5 exd5 5. Bf4 c6 6. e3 Nf6 7. Bd3 Nbd7 {[%cal Bb8d7,Bd7f8,Bf8e6,Be6g7,Bg7f5,Bf5d6,Bd6c4][%mdl 32]} 8. h3 Nf8 9. Nf3 Ne6 {D35: Queen's Gambit Declined: Exchange Variation} (9... Ng6 10. Bh2 Bd6 11. Bxd6 Qxd6 12. O-O O-O 13. Rb1 Re8 14. b4 a6 15. a4 Ne4 16. Bxe4 dxe4 17. Nd2 f5 18. b5 axb5 19. axb5 Be6 20. bxc6 bxc6 {½-½ (63) Nakamura,H (2791)-Vachier Lagrave,M (2819) chess.com INT 2016}) 10. Bh2 O-O 11. O-O g6 12. Rb1 a5 13. a3 Ng7 14. b4 axb4 15. axb4 b5 $146 ({Predecessor:} 15... Bf5 16. Bxf5 Nxf5 17. b5 {½-½ (37) Ravisekhar,R (2400)-Mohanty,P (2245) Kolkata 1992}) 16. Ne5 Qb6 17. Qb3 Nf5 18. Ra1 $36 {[%mdl 2048] White has good play.} Be6 19. Ne2 Nd6 20. Nf4 Nc4 (20... Bd7 $5) 21. Nxe6 fxe6 22. Qc2 {[#] Hoping for Rxa8.} Kg7 23. Rxa8 (23. Bxc4 $6 bxc4 24. Rfb1 Bd6 $11) 23... Rxa8 24. Bxg6 ({Much weaker is} 24. Bxc4 $6 bxc4 25. Bf4 Qb7 $11) (24. h4 $16) 24... Nxe5 $11 25. dxe5 hxg6 26. exf6+ Bxf6 27. Bd6 Ra3 28. e4 Rc3 (28... Ra6 $11) 29. Qe2 $16 Qd4 {[#]} 30. exd5 ({White should play} 30. e5 $1 $16 {[%cal Re5f6]} Bh4 31. Qa2) 30... Qxd5 $11 31. Bc5 {Threatening Rd1.} Qc4 {The position is equal.} 32. Qd2 {And now Ra1 would win.} Rd3 33. Qe2 Qd5 34. Re1 Kf7 35. Qg4 Qf5 36. Qe2 Qd5 37. Qg4 Qf5 38. Qe2 Qd5 {Accuracy: White = 61%, Black = 69%.} 1/2-1/2

[Event "WJCC U20 Open 2019"]
[Site "New Delhi"]
[Date "2019.10.22"]
[Round "8.32"]
[White "Wagh Suyog"]
[Black "Tica, Sven"]
[Result "*"]
[WhiteElo "2229"]
[BlackElo "2418"]
[Annotator "TA"]
[PlyCount "33"]
[EventDate "2019.10.15"]
[EventType "swiss"]
[EventCountry "IND"]
[SourceTitle "playchess.com"]
[Source "ChessBase"]
[SourceQuality "1"]

{[%evp 16,26,30,16,20,18,21,18,18,16,22,22,20]} 1. c4 e6 2. Nc3 d5 3. d4 Be7 4. cxd5 exd5 5. Bf4 c6 6. e3 Nf6 7. Bd3 Nbd7 {[%cal Bb8d7,Bd7f8,Bf8e6][%mdl 32]} 8. h3 Nf8 9. Nf3 Ne6 {The position is equal. D35: Queen's Gambit Declined: Exchange Variation} (9... Ng6 10. Bh2 Bd6 11. Bxd6 Qxd6 12. O-O O-O 13. Rb1 Re8 14. b4 a6 15. a4 Ne4 16. Bxe4 dxe4 17. Nd2 f5 18. b5 axb5 19. axb5 Be6 20. bxc6 bxc6 {½-½ (63) Nakamura,H (2791)-Vachier Lagrave,M (2819) chess.com INT 2016}) 10. Bh2 O-O 11. O-O g6 12. Rb1 a5 13. a3 Ng7 {Predecessor:} 14. b4 $146 axb4 15. axb4 Bf5 16. Bxf5 Nxf5 17. b5 {½-½ (37) Ravisekhar,R (2400)-Mohanty,P (2245) Kolkata 1992} *

[Event "WJCC U20 Open 2019"]
[Site "New Delhi"]
[Date "2019.10.22"]
[Round "8.33"]
[White "Rajdeep Sarkar"]
[Black "Jablonicky, Martin"]
[Result "1-0"]
[WhiteElo "2384"]
[BlackElo "2333"]
[Annotator "TA"]
[PlyCount "81"]
[EventDate "2019.10.15"]
[EventType "swiss"]
[EventCountry "IND"]
[SourceTitle "playchess.com"]
[Source "ChessBase"]
[SourceQuality "1"]

{[%evp 12,81,28,33,35,14,25,18,29,51,30,-1,0,-12,-16,-25,8,-41,39,41,32,21,33,28,122,110,143,160,152,155,181,156,148,135,198,210,211,209,283,275,294,277,281,248,243,231,280,270,331,307,308,285,353,248,308,256,256,214,370,193,270,40,284,284,265,218,6536,6432,6412,6432,6095,5550]} 1. Nf3 Nf6 2. g3 g6 3. b3 Bg7 4. Bb2 O-O 5. Bg2 d6 6. d4 a5 7. O-O a4 {A49: 1 d4 Nf6 2 Nf3 g6 3 g3: Anti-King's Indian systems} 8. b4 (8. c4 c6 9. e3 Bg4 10. h3 Bxf3 11. Bxf3 Nbd7 12. Nc3 a3 13. Bc1 e5 14. dxe5 Nxe5 15. Bg2 {1-0 (42) Giri,A (2782)-Aronian,L (2767) chess.com INT 2018}) 8... Nbd7 9. c4 e5 {The position is equal.} 10. dxe5 dxe5 $146 ({Predecessor:} 10... Ng4 11. Qc2 Ngxe5 12. Nfd2 Re8 13. a3 Qe7 14. Nc3 Nb6 15. Nd5 Nxd5 16. cxd5 {1-0 (36) Heinz,J (2155)-Hepting,H (2145) Bayern 1998}) 11. a3 e4 12. Nd4 Ne5 13. Qc2 Qe7 14. c5 {[#]} Be6 (14... e3 $1 $15 {[%mdl 512]} 15. f4 (15. fxe3 Neg4) 15... Neg4) 15. Nxe6 $14 Qxe6 16. Bxe5 Qxe5 17. Nc3 {[%cal Bb1c3,Bc3e4,Be4d2,Bd2f3][%mdl 32]} Ng4 (17... Qe6 $11 {keeps the balance.}) 18. Nxe4 $16 f5 19. Nd2 f4 20. Nf3 $36 {[%mdl 2048] White is really pushing.} (20. Bxb7 $6 Qh5 $14) 20... Qh5 21. h3 Ne5 22. Nxe5 Bxe5 (22... Qxe5 $16 {keeps fighting.} 23. gxf4 (23. Bxb7 Rab8 $14) 23... Qxf4) 23. g4 $18 ({Inferior is} 23. Bxb7 fxg3 24. Kg2 Rad8 $15) 23... Qg5 24. Rad1 Kh8 25. Bf3 (25. Bxb7 $6 f3 $16) 25... Rad8 26. Rxd8 ({But not} 26. Qxa4 b6 $18) 26... Rxd8 27. Kg2 c6 28. Qxa4 {Threatens to win with Qa7.} Qh4 29. Qc2 Bd4 30. a4 {[%cal Ba3a4,Ba4a5][%mdl 32]} Kg7 31. b5 h5 32. bxc6 bxc6 33. a5 hxg4 34. Bxg4 {aiming for a6.} Rd5 $2 {[#]} (34... Qg5 {might work better.} 35. Qe4 Qd5 36. Qxd5 Rxd5) 35. Qe4 (35. a6 $142 Rg5 36. Qe4 Rxg4+ 37. hxg4 Qxg4+ 38. Kh1 Bxc5 39. Qf3 Qh4+ 40. Kg1) 35... Qf6 (35... Bxf2 $142 36. Qxf4 Bxc5) 36. Rd1 $2 (36. a6 $18 Bxc5 37. Rc1) 36... Bxc5 $2 (36... Bxf2 $1 $14 37. Rf1 (37. Rxd5 cxd5 38. Qxd5 Be3 $16) 37... Bxc5) 37. Rxd5 cxd5 38. Qxd5 Qd4 $2 (38... Qe7 39. a6 Kh6) 39. Qxd4+ {White is clearly winning.} Bxd4 40. Kf3 g5 41. Ke4 {Accuracy: White = 58%, Black = 24%.} 1-0

[Event "WJCC U20 Open 2019"]
[Site "New Delhi"]
[Date "2019.10.22"]
[Round "8.34"]
[White "Licheli, Luka"]
[Black "Muthaiah AL"]
[Result "1/2-1/2"]
[WhiteElo "2010"]
[BlackElo "2370"]
[Annotator "TA"]
[PlyCount "54"]
[EventDate "2019.10.15"]
[EventType "swiss"]
[EventCountry "IND"]
[SourceTitle "playchess.com"]
[Source "ChessBase"]
[SourceQuality "1"]

{[%evp 9,54,0,4,-8,-13,-58,-51,-56,-59,-66,-69,-70,-61,-72,-59,-64,-63,-60,-61,-51,-57,-72,-64,-81,-84,-80,-70,-59,-72,-103,-100,-185,-170,-599,-576,-595,-595,-12827,-12831,-12828,-12813,-12814,-5481,-29972,-29973,-29966,-2579]} 1. e4 c5 2. b3 g6 (2... Nc6 3. Bb2 e5 4. Nf3 d6 5. Bc4 Be7 6. O-O Nh6 7. c3 O-O 8. d4 Qc7 9. Na3 Kh8 10. Nc2 f5 11. exf5 Nxf5 12. dxe5 dxe5 13. Qe2 Nd6 {½-½ (64) Vachier Lagrave,M (2780)-Maze,S (2596) chess.com INT 2019}) 3. Bb2 Nf6 4. Nc3 Bg7 5. Nd5 O-O 6. Nxf6+ {B20: Sicilian: Unusual White 2nd moves} exf6 7. Be2 Re8 8. d3 {Black is slightly better.} d5 $146 ({Predecessor:} 8... Nc6 9. Qd2 d6 10. Nf3 {0-1 (53) Al Ansi,A (1948)-Fernandez Aguilar,F (2066) Barbera del Valles 2017}) 9. Nf3 dxe4 10. dxe4 Qc7 11. Nd2 f5 12. Bxg7 Kxg7 13. f3 Nc6 14. O-O Be6 15. c3 Rad8 {aiming for ...Qf4.} 16. Qc2 Qf4 17. Rad1 Qe3+ 18. Rf2 fxe4 19. Nxe4 Bf5 $36 {[%mdl 2048] Black is in control.} 20. Bd3 (20. Bb5 $17 {was worth a try.}) 20... Ne5 $1 $19 {[%cal Re5d3,Bc6e5,Be5g4,Bg4e3][%mdl 32]} 21. Bb5 $2 (21. Be2 {nothing else works.}) 21... Bxe4 $1 {[%mdl 64] Overworked Piece} 22. fxe4 {[#]} Ng4 $1 {[%csl LRe4,LRf2][%mdl 64] Pin} 23. Bxe8 Rxd1+ {[%mdl 64] Overworked Piece} 24. Qxd1 Qxf2+ 25. Kh1 {[#]} Qh4 $1 {[%mdl 512]} 26. Kg1 Qxh2+ 27. Kf1 Ne3+ {[%mdl 32768] Accuracy: White = 31%, Black = 86%. . An unexpected result.} (27... Qh1+ $142 28. Ke2 Qxg2+ {[%mdl 64] Double Attack} 29. Kd3 Nf2+ 30. Ke2 Nxd1+ 31. Kxd1 Qxe4 32. Ba4 Qb1+ 33. Kd2 Qxa2+ 34. Kd3 h5 35. c4 h4 36. Bd7 Qxb3+ 37. Ke2 Qxc4+ 38. Ke1 Qe4+ 39. Kf1 Qd3+ {[%mdl 64] Double Attack} 40. Kf2 Qxd7 41. Ke3 Qd5 42. Ke2 h3 43. Ke3 h2 44. Kf4 h1=Q 45. Kg4 Qhg2+ 46. Kh4 Qh5#) 1/2-1/2